| 000 | 01244cam a2200277 i 4500 | ||
|---|---|---|---|
| 003 | SA-RiAUC | ||
| 005 | 20241002061245.0 | ||
| 008 | 240928s1885 sp g 000 0cara c | ||
| 040 |
_aSD-OmOIU _bara _cSA-RiAUC. _erda |
||
| 082 | 0 | 4 |
_a922.58 _qSA-RiAUC |
| 090 |
_a922.52 _bا ب ن أ |
||
| 100 | 1 |
_aابن الأبار، محمد بن عبد الله بن أبي بكر، _d595-658 هجري _eمؤلف. |
|
| 245 | 1 | 2 |
_aالمعجم في أصحاب القاضي الإمام أبي علي الصدفي / _cأبوعبد الله محمد بن عبد الله بن أبي بكر. |
| 264 | 1 |
_aمدريد : _bمطبعة روخس، _c1885 |
|
| 300 |
_a368 صفحة ؛ _c24 سم |
||
| 336 |
_aنص _btxt _2rdacontent _3كتاب |
||
| 337 |
_aبدون وسيط _bn _2rdamedia |
||
| 338 |
_aمجلد _bnc _2rdacarrier |
||
| 600 | 1 | 7 |
_aابن سكرة، حسين بن محمد بن فيرة، _dتوفي 514 هجري _xأصدقاء وأصحاب _vتراجم _2aucnm |
| 650 | 7 |
_aالفقهاء الشافعية _vتراجم _2aucsh |
|
| 650 | 7 |
_aالقضاة الأندلسيون _vتراجم _2aucsh |
|
| 942 |
_2ddc _cRARE BOOK _n0 |
||
| 949 |
_aSA-JeALM _d240928 _umohamedma123 _n1 |
||
| 999 |
_c757 _d757 |
||